Liga Portugal 25/26 - Statistics

Statistiche generali
  • Questo quiz è stato fatto 21 volte
  • Il punteggio medio è 11 su 18
Statistiche sulle risposte
con Immagini Risposta % Corretto
Benfica
100%
Braga
100%
Porto
100%
Sporting Lisbona
94%
Vitoria Guimaraes
67%
Rio Ave
61%
Famalicao
56%
Gil Vicente
56%
Santa Clara
56%
Arouca
50%
AVS
50%
Casa Pia
50%
Estrela
50%
Moreirense
50%
Estoril
44%
Nacional Madeira
44%
Tondela
39%
Alverca
33%
Nessun quiz corrispondente trovato
Distribuzione punteggi
Percentuale di utenti per punteggio
Percentile per numero di risposta
I tuoi punteggi nel tempo
Non hai fatto questo quiz